Lessons in college algebra / (Record no. 182308)

000 -LEADER
fixed length control field 00913 a2200193 4500
003 - CONTROL NUMBER IDENTIFIER
control field NUST
005 - DATE AND TIME OF LATEST TRANSACTION
control field 20221115122647.0
010 ## - LIBRARY OF CONGRESS CONTROL NUMBER
LC control number 77005565
020 ## - INTERNATIONAL STANDARD BOOK NUMBER
International Standard Book Number 0060448563
040 ## - CATALOGING SOURCE
Transcribing agency Nust
082 00 - DEWEY DECIMAL CLASSIFICATION NUMBER
Classification number 512.9,NOW
100 1# - MAIN ENTRY--PERSONAL NAME
Personal name Nowlan, Robert A.
9 (RLIN) 102632
245 10 - TITLE STATEMENT
Title Lessons in college algebra /
Statement of responsibility, etc. Robert A. Nowlan.
260 ## - PUBLICATION, DISTRIBUTION, ETC.
Place of publication, distribution, etc. New York :
Name of publisher, distributor, etc. Harper & Row,
Date of publication, distribution, etc. c1978.
300 ## - PHYSICAL DESCRIPTION
Extent xv, 671p. :
Other physical details ill. ;
Dimensions 24 cm.
505 ## - FORMATTED CONTENTS NOTE
Formatted contents note Unit-1: Fundamental Concept of Algebra (Page-1), Unit-11: Linear Equations and Inequalities (Page-87), Unit-111:, Quadratic Equations in One Variable (Page-155),Unit-iv: Relations, Function, and Graphs (Page-241), Unite-V: System of Equations and Inequalities (Page-325) Unite-vii: Sequences And Series (Page-435), Unite-viii: Exponential and Logarithms Functions (Page-483), Unite-ix: Probability and Statistics (Page-531).
650 #0 - SUBJECT ADDED ENTRY--TOPICAL TERM
Topical term or geographic name entry element Algebra.
9 (RLIN) 8509
942 ## - ADDED ENTRY ELEMENTS (KOHA)
Source of classification or shelving scheme
Koha item type Book
Call number prefix 512.9,NOW
Holdings
Withdrawn status Lost status Source of classification or shelving scheme Damaged status Not for loan Permanent Location Current Location Shelving location Date acquired Full call number Barcode Date last seen Price effective from Koha item type Public note
          Military College of Signals (MCS) Military College of Signals (MCS) General Stacks 12/12/2016 512.9,NOW MCS7235 12/08/2016 12/12/2016 Book Almirah No.11, Shelf No.5
© 2023 Central Library, National University of Sciences and Technology. All Rights Reserved.